|
|
|
|
| LEADER |
00000cam a2200000 7i4500 |
| 001 |
0000001244 |
| 005 |
20140329.0 |
| 020 |
0 |
0 |
|a 9839099434
|
| 090 |
0 |
0 |
|a 363.7
|b ALA 1998
|
| 245 |
0 |
0 |
|a ALAM sekitar anugerah tuhan
|c penyunting Abu Bakar Yang
|
| 260 |
0 |
0 |
|a Kuala Lumpur :
|b Institut Kefahaman Islam Malaysia (IKIM) ,
|c 1998
|
| 300 |
|
|
|a vi, 102 p. :
|b ill. (some col.), maps ;
|c 31 cm.
|
| 650 |
0 |
0 |
|a Human ecology
|
| 650 |
0 |
0 |
|a Man
|x Influence on nature
|
| 650 |
0 |
0 |
|a Pollution
|
| 700 |
0 |
1 |
|a Abu Bakar Yang
|
| 710 |
1 |
1 |
|a Malaysia ,
|c Kementerian Sains, Teknologi dan Alam Sekitar
|
| 998 |
|
|
|a JPSM
|
| 999 |
|
|
|a 0000002410
|b Monograph
|c Open Shelf
|e Default branch
|
| 999 |
|
|
|a 0000002411
|b Monograph
|c Open Shelf
|e Default branch
|
| 999 |
|
|
|a 0000002412
|b Monograph
|c Open Shelf
|e Default branch
|